000
00260nam a22001217a 4500
008
170623b xxu||||| |||| 00| 0 eng d
041
_a
eng
080
_a
32
100
_a
21
101
_a
SHP
245
_a
CAPITALISM ^ FREEDOM
_c
FRIEDMAN, M
942
_2
udc
_c
BK
999
_c
18911
_d
18911